Países Limitando la China desde 1914 - Estadísticas

Estadísticas generales
  • Esta prueba ha sido intentada 3.960 veces
  • La puntuación promedio es 16 de 21
Estadísticas de respuestas
Fechas País % Correcto
1689 - 1922, 1991 - Rusia
98%
1947 - India
96%
1911 - Mongolia
96%
1945 - Corea del Norte
95%
1951 - Nepal
92%
1976 - Vietnam
92%
1991 - Kazajistán
89%
1951 - Bután
87%
1953 - Laos
87%
1947 - Pakistán
86%
1905 - 1945 Japón
84%
1991 - Kirguistán
83%
1948 - Myanmar
83%
1991 - Tayikistán
83%
1895 - Afganistán
78%
1922 - 1991 Unión Soviética
70%
1842 - 1997 Reino Unido
60%
1898 - 1946 Francia
51%
1912 - 1951 Tíbet
47%
1887 - 1999 Portugal
45%
1945 - 1976 Vietnam del Norte
24%
No se encontraron pruebas coincidentes
Distribución de puntuación
Porcentaje de gente con cada puntuación
Porcentaje por número respondido
Historial de tus puntuaciones
No has intentado esta prueba.